000 01533nam a2200397 c 4500
001 8708
003 ES-MaCES
005 20141221121952.0
008 990420s1998 sp b d 000 | spa d
017 _aM 1040-1998
_bDL
020 _a8480160640
035 _aCES19990005869m
040 _aES-MaCES
_bspa
_cES-MaCES
041 0 _aspa
_afre
100 1 _aGarcía-Pelayo y Gross, Ramón
_913024
245 1 0 _aGran diccionario Larousse español-francés, francés español
_b= Gran dictionnaire Larousse espagnol-français, français-espagnol
_cRamón García-Pelayo y Gross y Jean Testas ; con la colaboración de Micheline Durand, Fernando García-Pelayo y Gross, Jean-Paul Vidal
246 3 _aGran dictionnaire Larousse espagnol-français, français-espagnol
250 _a[2ª ed., reimp.]
260 _aBarcelona
_bLarousse
_cD.L. 1998
300 _a1 v. (pág. var.)
_bmap. col.
_c29 cm
500 _aTexto en español y francés
541 _cCompra
650 4 _adiccionario
_928997
650 4 _aidioma
_930020
650 4 _alengua española
_930838
650 4 _alengua francesa
_930846
653 1 0 _aDiccionarios de idiomas
700 1 _aTestas, Jean
_924823
700 1 _aDurand, Micheline
_ecol.
_911077
700 1 _aGarcía-Pelayo y Gross, Fernando
_ecol.
_913023
700 1 _aVidal, Jean-Paul
_ecol.
_925812
775 0 _tGran diccionario Larousse español-frances, français-espagnol
_w(ES-MaCES)928
902 _aLIB Libro
942 _2CES
_cBK
_h9.3.
999 _c8708
_d8708